000
00282 a2200121 4500
001
81520
082
_a
512.02 SIN
090
_c
39763
_d
39763
100
_a
Singh
245
_a
introduction to abstraction algebric systems
260
_a
ND
_b
Dominent Pub
_c
2000
300
_a
295 p.
942
_a
NUST CAE
_k
512.02 SIN
999
_c
316593
_d
316593